<?xml version="1.0" encoding="UTF-8"?>
<record
    xmlns:xsi="http://www.w3.org/2001/XMLSchema-instance"
    xsi:schemaLocation="http://www.loc.gov/MARC21/slim http://www.loc.gov/standards/marcxml/schema/MARC21slim.xsd"
    xmlns="http://www.loc.gov/MARC21/slim">

  <leader>00405nam a22001697a 4500</leader>
  <controlfield tag="003">OSt</controlfield>
  <controlfield tag="008">230915b        |||||||| |||| 00| 0 eng d</controlfield>
  <datafield tag="020" ind1=" " ind2=" ">
    <subfield code="a">9789387034471</subfield>
  </datafield>
  <datafield tag="082" ind1=" " ind2=" ">
    <subfield code="a">170 GAA</subfield>
  </datafield>
  <datafield tag="100" ind1=" " ind2=" ">
    <subfield code="a">GAUR,RR</subfield>
  </datafield>
  <datafield tag="245" ind1=" " ind2=" ">
    <subfield code="a">A foundation Course in Human Values and Professional Ethics</subfield>
  </datafield>
  <datafield tag="250" ind1=" " ind2=" ">
    <subfield code="a">2nd Ed</subfield>
  </datafield>
  <datafield tag="260" ind1=" " ind2=" ">
    <subfield code="a">New Delhi</subfield>
    <subfield code="b">Excel</subfield>
    <subfield code="c">2019</subfield>
  </datafield>
  <datafield tag="300" ind1=" " ind2=" ">
    <subfield code="a">348</subfield>
  </datafield>
  <datafield tag="650" ind1=" " ind2=" ">
    <subfield code="a">Math</subfield>
  </datafield>
  <datafield tag="942" ind1=" " ind2=" ">
    <subfield code="2">ddc</subfield>
    <subfield code="c">BK</subfield>
  </datafield>
  <datafield tag="999" ind1=" " ind2=" ">
    <subfield code="c">12072</subfield>
    <subfield code="d">12072</subfield>
  </datafield>
  <datafield tag="952" ind1=" " ind2=" ">
    <subfield code="0">0</subfield>
    <subfield code="1">0</subfield>
    <subfield code="2">ddc</subfield>
    <subfield code="4">0</subfield>
    <subfield code="7">0</subfield>
    <subfield code="8">BCA</subfield>
    <subfield code="a">PIET</subfield>
    <subfield code="b">PIET</subfield>
    <subfield code="d">2023-09-06</subfield>
    <subfield code="e">Kriti Prakashan</subfield>
    <subfield code="f">In Rupees</subfield>
    <subfield code="g">395.00</subfield>
    <subfield code="k">IN927</subfield>
    <subfield code="l">0</subfield>
    <subfield code="o">170 GAA</subfield>
    <subfield code="p">BC2004</subfield>
    <subfield code="r">2023-09-15 00:00:00</subfield>
    <subfield code="v">272.50</subfield>
    <subfield code="w">2023-09-06</subfield>
    <subfield code="y">BK</subfield>
  </datafield>
  <datafield tag="952" ind1=" " ind2=" ">
    <subfield code="0">0</subfield>
    <subfield code="1">0</subfield>
    <subfield code="2">ddc</subfield>
    <subfield code="4">0</subfield>
    <subfield code="7">0</subfield>
    <subfield code="8">BCA</subfield>
    <subfield code="a">PIET</subfield>
    <subfield code="b">PIET</subfield>
    <subfield code="d">2023-09-06</subfield>
    <subfield code="e">Kriti Prakashan</subfield>
    <subfield code="f">In Rupees</subfield>
    <subfield code="g">395.00</subfield>
    <subfield code="k">IN927</subfield>
    <subfield code="l">1</subfield>
    <subfield code="o">170 GAA</subfield>
    <subfield code="p">BC2005</subfield>
    <subfield code="r">2024-03-05 00:00:00</subfield>
    <subfield code="s">2023-09-18</subfield>
    <subfield code="v">272.50</subfield>
    <subfield code="w">2023-09-06</subfield>
    <subfield code="y">BK</subfield>
  </datafield>
  <datafield tag="952" ind1=" " ind2=" ">
    <subfield code="0">0</subfield>
    <subfield code="1">0</subfield>
    <subfield code="2">ddc</subfield>
    <subfield code="4">0</subfield>
    <subfield code="7">0</subfield>
    <subfield code="8">BCA</subfield>
    <subfield code="a">PIET</subfield>
    <subfield code="b">PIET</subfield>
    <subfield code="d">2023-09-06</subfield>
    <subfield code="e">Kriti Prakashan</subfield>
    <subfield code="f">In Rupees</subfield>
    <subfield code="g">395.00</subfield>
    <subfield code="k">IN927</subfield>
    <subfield code="l">3</subfield>
    <subfield code="o">170 GAA</subfield>
    <subfield code="p">BC2006</subfield>
    <subfield code="r">2025-06-24 00:00:00</subfield>
    <subfield code="s">2025-06-17</subfield>
    <subfield code="v">272.50</subfield>
    <subfield code="w">2023-09-06</subfield>
    <subfield code="y">BK</subfield>
  </datafield>
  <datafield tag="952" ind1=" " ind2=" ">
    <subfield code="0">0</subfield>
    <subfield code="1">0</subfield>
    <subfield code="2">ddc</subfield>
    <subfield code="4">0</subfield>
    <subfield code="7">0</subfield>
    <subfield code="8">BCA</subfield>
    <subfield code="a">PIET</subfield>
    <subfield code="b">PIET</subfield>
    <subfield code="d">2023-09-06</subfield>
    <subfield code="e">Kriti Prakashan</subfield>
    <subfield code="f">In Rupees</subfield>
    <subfield code="g">395.00</subfield>
    <subfield code="k">IN927</subfield>
    <subfield code="l">1</subfield>
    <subfield code="o">170 GAA</subfield>
    <subfield code="p">BC2007</subfield>
    <subfield code="r">2024-05-16 00:00:00</subfield>
    <subfield code="s">2024-05-03</subfield>
    <subfield code="v">272.50</subfield>
    <subfield code="w">2023-09-06</subfield>
    <subfield code="y">BK</subfield>
  </datafield>
  <datafield tag="952" ind1=" " ind2=" ">
    <subfield code="0">0</subfield>
    <subfield code="1">0</subfield>
    <subfield code="2">ddc</subfield>
    <subfield code="4">0</subfield>
    <subfield code="7">0</subfield>
    <subfield code="8">BCA</subfield>
    <subfield code="a">PIET</subfield>
    <subfield code="b">PIET</subfield>
    <subfield code="d">2023-09-06</subfield>
    <subfield code="e">Kriti Prakashan</subfield>
    <subfield code="f">In Rupees</subfield>
    <subfield code="g">395.00</subfield>
    <subfield code="k">IN927</subfield>
    <subfield code="l">4</subfield>
    <subfield code="o">170 GAA</subfield>
    <subfield code="p">BC2008</subfield>
    <subfield code="r">2025-06-20 00:00:00</subfield>
    <subfield code="s">2025-06-17</subfield>
    <subfield code="v">272.50</subfield>
    <subfield code="w">2023-09-06</subfield>
    <subfield code="y">BK</subfield>
  </datafield>
  <datafield tag="952" ind1=" " ind2=" ">
    <subfield code="0">0</subfield>
    <subfield code="1">0</subfield>
    <subfield code="2">ddc</subfield>
    <subfield code="4">0</subfield>
    <subfield code="7">0</subfield>
    <subfield code="8">BCA</subfield>
    <subfield code="a">PIET</subfield>
    <subfield code="b">PIET</subfield>
    <subfield code="d">2023-09-06</subfield>
    <subfield code="e">Kriti Prakashan</subfield>
    <subfield code="f">In Rupees</subfield>
    <subfield code="g">395.00</subfield>
    <subfield code="k">IN927</subfield>
    <subfield code="l">3</subfield>
    <subfield code="o">170 GAA</subfield>
    <subfield code="p">BC2009</subfield>
    <subfield code="r">2025-03-21 00:00:00</subfield>
    <subfield code="s">2025-03-20</subfield>
    <subfield code="v">272.50</subfield>
    <subfield code="w">2023-09-06</subfield>
    <subfield code="y">BK</subfield>
  </datafield>
  <datafield tag="952" ind1=" " ind2=" ">
    <subfield code="0">0</subfield>
    <subfield code="1">0</subfield>
    <subfield code="2">ddc</subfield>
    <subfield code="4">0</subfield>
    <subfield code="7">0</subfield>
    <subfield code="8">BCA</subfield>
    <subfield code="a">PIET</subfield>
    <subfield code="b">PIET</subfield>
    <subfield code="d">2023-09-06</subfield>
    <subfield code="e">Kriti Prakashan</subfield>
    <subfield code="f">In Rupees</subfield>
    <subfield code="g">395.00</subfield>
    <subfield code="k">IN927</subfield>
    <subfield code="l">3</subfield>
    <subfield code="o">170 GAA</subfield>
    <subfield code="p">BC2010</subfield>
    <subfield code="r">2025-06-20 00:00:00</subfield>
    <subfield code="s">2025-06-17</subfield>
    <subfield code="v">272.50</subfield>
    <subfield code="w">2023-09-06</subfield>
    <subfield code="y">BK</subfield>
  </datafield>
  <datafield tag="952" ind1=" " ind2=" ">
    <subfield code="0">0</subfield>
    <subfield code="1">0</subfield>
    <subfield code="2">ddc</subfield>
    <subfield code="4">0</subfield>
    <subfield code="7">0</subfield>
    <subfield code="8">BCA</subfield>
    <subfield code="a">PIET</subfield>
    <subfield code="b">PIET</subfield>
    <subfield code="d">2023-09-06</subfield>
    <subfield code="e">Kriti Prakashan</subfield>
    <subfield code="f">In Rupees</subfield>
    <subfield code="g">395.00</subfield>
    <subfield code="k">IN927</subfield>
    <subfield code="l">2</subfield>
    <subfield code="o">170 GAA</subfield>
    <subfield code="p">BC2011</subfield>
    <subfield code="r">2024-07-05 00:00:00</subfield>
    <subfield code="s">2024-06-25</subfield>
    <subfield code="v">272.50</subfield>
    <subfield code="w">2023-09-06</subfield>
    <subfield code="y">BK</subfield>
  </datafield>
  <datafield tag="952" ind1=" " ind2=" ">
    <subfield code="0">0</subfield>
    <subfield code="1">0</subfield>
    <subfield code="2">ddc</subfield>
    <subfield code="4">0</subfield>
    <subfield code="7">0</subfield>
    <subfield code="8">BCA</subfield>
    <subfield code="a">PIET</subfield>
    <subfield code="b">PIET</subfield>
    <subfield code="d">2023-09-06</subfield>
    <subfield code="e">Kriti Prakashan</subfield>
    <subfield code="f">In Rupees</subfield>
    <subfield code="g">395.00</subfield>
    <subfield code="k">IN927</subfield>
    <subfield code="l">4</subfield>
    <subfield code="o">170 GAA</subfield>
    <subfield code="p">BC2012</subfield>
    <subfield code="r">2025-08-11 00:00:00</subfield>
    <subfield code="s">2024-03-22</subfield>
    <subfield code="v">272.50</subfield>
    <subfield code="w">2023-09-06</subfield>
    <subfield code="y">BK</subfield>
  </datafield>
  <datafield tag="952" ind1=" " ind2=" ">
    <subfield code="0">0</subfield>
    <subfield code="1">0</subfield>
    <subfield code="2">ddc</subfield>
    <subfield code="4">0</subfield>
    <subfield code="7">0</subfield>
    <subfield code="8">BCA</subfield>
    <subfield code="a">PIET</subfield>
    <subfield code="b">PIET</subfield>
    <subfield code="d">2023-09-06</subfield>
    <subfield code="e">Kriti Prakashan</subfield>
    <subfield code="f">In Rupees</subfield>
    <subfield code="g">395.00</subfield>
    <subfield code="k">IN927</subfield>
    <subfield code="l">1</subfield>
    <subfield code="o">170 GAA</subfield>
    <subfield code="p">BC2013</subfield>
    <subfield code="r">2025-03-24 00:00:00</subfield>
    <subfield code="s">2025-03-20</subfield>
    <subfield code="v">272.50</subfield>
    <subfield code="w">2023-09-06</subfield>
    <subfield code="y">BK</subfield>
  </datafield>
</record>
